| 000 | 01278nam0a2200289 4500 | ||
|---|---|---|---|
| 001 | RU\NLR\BIBL_A\012103860 | ||
| 005 | 20191014151331.0 | ||
| 021 |
_aRU _bКН-П-19-065087 _9КН-П-19-4677 |
||
| 035 | _a(NLR Aleph) 012103860 | ||
| 035 | _a(RuMoRGB)010083145 | ||
| 090 |
_a11921138 _c11921138 |
||
| 100 | _a20190930d2019 u y0rusy50 ca | ||
| 101 | 0 | _arus | |
| 102 | _aRU | ||
| 105 | _aac||zzzz000zy | ||
| 200 | 1 |
_aООО "Производственно-коммерческая фирма "Беркут", Астраханская область _e20 лет успешной работы, [1999-2019] |
|
| 210 |
_a[Б. м. _cб. и. _d2019] |
||
| 215 |
_a23 с. _cцв. ил., портр. _d30 |
||
| 601 | 0 | 2 |
_a"Беркут", производственно-коммерческая фирма _cВерхнелебяжье, село; Астраханская область _2nlr_sh2 _3RU\NLR\AUTH\6601663226 |
| 686 | 1 | _aУ35(2)110.92(2Р-4Ас) | |
| 711 | 0 | 2 |
_a"Беркут", производственно-коммерческая фирма _cс. Верхнелебяжье, Астраханская обл. _3RU\NLR\AUTH\880509596 |
| 942 | _cBOOK | ||
| 980 | _aNBR | ||
| 980 | _aNB | ||